Common chemicals - Statistics

General Stats
  • This quiz has been taken 28 times
  • The average score is 5 of 11
Answer Stats
Hint Answer % Correct
NaCl Salt/ Table salt
100%
H2O Water
100%
CuSn Bronze
54%
C12H22O11 Sugar
50%
Cu3Zn2 Brass
38%
CaCO3 Chalk
38%
CH3COOH Vinegar
38%
NaHCO3 Baking soda
33%
C2H6O Alcohol
29%
CaO Lime
21%
C6H8O6 Vitamin C
8%
No matching quizzes found
Score Distribution
Percent of People with Each Score
Percentile by Number Answered
Your Score History
You have not taken this quiz